Fresh Out The Slammer - Taylor Swift (All Lyrics) - Statistics

General Stats
  • This quiz has been taken 1,071 times
    1,056 since last reset
  • The average score is 219 of 273
Answer Stats
Lyrics % Correct
Fresh
100%
(Fresh
100%
I
100%
out
100%
slammer
100%
slammer,
100%
the
100%
my
99%
My
99%
to
99%
To
99%
be
98%
know
98%
who
98%
you
98%
call
97%
first
97%
will
97%
baby
96%
I'm
96%
back
95%
no
95%
home
94%
Now,
94%
now
94%
Now
94%
pretty
94%
runnin'
94%
He
92%
he
92%
me
91%
of
90%
on
90%
it
89%
did
87%
in
87%
In
87%
one
87%
time
87%
But
86%
but
86%
oh)
86%
hear
85%
we
85%
dreams
84%
For
84%
his
84%
it's
84%
gonna
83%
just
83%
alright,
82%
and
82%
And
82%
what
82%
again
81%
that
81%
under
81%
was
80%
where
80%
her
79%
never
79%
American
78%
don't
78%
lose
77%
girl
75%
said
75%
with
75%
at
74%
At
74%
smile
73%
understand
73%
glimpse
72%
rings
72%
imaginary
71%
matter
71%
Wearing
71%
wouldn't
71%
As
70%
All
69%
all
69%
house
69%
friends
68%
says
67%
summer,
66%
swings
66%
cover,
64%
used
64%
we're
64%
children's
63%
daily
63%
light
63%
spell
63%
sunshine
63%
takin'
63%
porch
62%
sit
62%
up
62%
Watch
62%
what's
62%
disappearing
61%
goin'
61%
off
61%
Another
60%
anyway
60%
better
60%
here
60%
tried,
60%
those
59%
hour
58%
how
57%
I've
57%
line,
57%
nights,
57%
park
57%
stake
57%
starting
57%
letters,
56%
poems
56%
Handcuffed
55%
kept
55%
into
54%
way
54%
blue
53%
fights
53%
ashes
52%
done,
52%
feeling
52%
Toss
51%
tunnels
51%
thunder
50%
wait
50%
Ain't
48%
flashes,
48%
Camera
47%
Gray
47%
ledge
47%
winter,
47%
screw
46%
shade
46%
Swirled
46%
rolling
44%
still
43%
dinners,
42%
matches
42%
bashes,
41%
ceilings
41%
welcome
41%
get
40%
gleams
40%
(Gleams)
40%
silent
40%
bitter
38%
Years
38%
labor,
37%
locks
37%
Splintered
33%
No matching quizzes found
Score Distribution
Percent of People with Each Score
Percentile by Number Answered
Your Score History
You have not taken this quiz since the last reset